00900nam a2200253 a 450000100060000000300080000600500170001400800410003103500190007204000180009104100080010908200250011710000340014224501280017626000550030430000270035950000330038656100080041960000490042760000550047665000310053165100250056271000590058755519BD-RjUL20211209080258.0161119s1963 enk 000 0 eng  a(BD-RjUL)55642 aDLCcDLCbeng aeng 223a822.33bKNI 19631 aKnight, George Wilson,d1897-14aThe imperial theme :bfurther interpretations of Shakespeare's tragedies, including the Roman plays /cby G. Wilson Knight. aNew York :bBarnes & Noble,c1931 [reprinted 1963] axiii, 367 p. ;c23 cm. aLC copy in dust jacket.5DLC 5DLC10aShakespeare, William,d1564-1616xTragedies.10aShakespeare, William,d1564-1616xKnowledgexRome. 0aImperialism in literature. 0aRomexIn literature.2 aRouben Mamoulian Collection (Library of Congress)5DLC